|
|
|
|
| LEADER |
00000nam0a2200000 4500 |
| 001 |
295319 |
| 005 |
20231102000809.0 |
| 035 |
|
|
|a (RuTPU)RU\TPU\book\320396
|
| 035 |
|
|
|a RU\TPU\book\13874
|
| 090 |
|
|
|a 295319
|
| 100 |
|
|
|a 20150522d1975 m y0rusy50 ca
|
| 101 |
0 |
|
|a rus
|
| 102 |
|
|
|a RU
|
| 105 |
|
|
|a a j 001zy
|
| 200 |
1 |
|
|a Теоретические основы электротехники
|e учебник
|f Ф. Е. Евдокимов
|
| 205 |
|
|
|a 4-е изд., перераб.. и доп.
|
| 210 |
|
|
|a Москва
|c Высшая школа
|d 1975
|
| 215 |
|
|
|a 496 с.
|c ил.
|
| 451 |
|
1 |
|0 (RuTPU)RU\TPU\book\83660
|y 5-06-003658-8
|t Теоретические основы электротехники
|o учебник
|f Ф. Е. Евдокимов
|e 4-е изд.,перераб.. и доп.
|c Москва
|n Высшая школа
|d 2001
|p 495 с.
|a Евдокимов, Федор Евдокимович
|
| 451 |
|
1 |
|0 (RuTPU)RU\TPU\book\34056
|y 5-06-002265-X
|t Теоретические основы электротехники
|o учебное пособие
|f Ф. Е. Евдокимов
|e 6-е изд., перераб. и доп.
|c Москва
|n Высшая школа
|d 1994
|p 495 с.
|a Евдокимов, Федор Евдокимович
|
| 606 |
1 |
|
|a Электротехника теоретическая
|2 stltpush
|3 (RuTPU)RU\TPU\subj\20909
|9 45970
|
| 610 |
1 |
|
|a теория
|
| 610 |
1 |
|
|a электрические поля
|
| 610 |
1 |
|
|a магнитные поля
|
| 610 |
1 |
|
|a электрические цепи
|
| 610 |
1 |
|
|a постоянный ток
|
| 610 |
1 |
|
|a переменный ток
|
| 610 |
1 |
|
|a магнитные цепи
|
| 610 |
1 |
|
|a расчет
|
| 610 |
1 |
|
|a электромагнитная индукция
|
| 610 |
1 |
|
|a символический метод
|
| 610 |
1 |
|
|a круговые диаграммы
|
| 610 |
1 |
|
|a трехфазные цепи
|
| 610 |
1 |
|
|a переходные процессы
|
| 610 |
1 |
|
|a учебники
|
| 675 |
|
|
|a 621.3.01(075.32)
|v 3
|
| 700 |
|
1 |
|a Евдокимов
|b Ф. Е.
|g Федор Евдокимович
|
| 801 |
|
0 |
|a RU
|b 63413507
|c 20011209
|g PSBO
|
| 801 |
|
2 |
|a RU
|b 63413507
|c 20220614
|g PSBO
|
| 942 |
|
|
|c BK
|